| 000 | 00000nam 22000008a 4500 |
| 001 | 9.834731 |
| 003 | CaOODSP |
| 005 | 20221107150512 |
| 007 | cr ||||||||||| |
| 008 | 170404s2017 quc o f00| 0 fre d |
| 020 | |a978-0-660-08182-3 |
| 040 | |aCaOODSP|bfre |
| 043 | |an-cn--- |
| 086 | 1 |aCW66-546/2017F-PDF |
| 245 | 00|aActivités de protection des espèces prioritaires de la Réserve de biosphère du mont Saint-Hilaire, 2014-2015 |h[ressource électronique]. |
| 260 | |a[Gatineau, Québec] : |bEnvironnement et Changement climatique Canada, |c[2017]. |
| 300 | |a[1] p. |
| 500 | |aPubl. aussi en anglais sous le titre : Habitat protection activities for priority species in the Mont Saint-Hilaire Biosphere Reserve, 2014–2015. |
| 500 | |aTitre de départ. |
| 500 | |a« Programme d'intendance de l'habitat - Volet sur la prévention. » |
| 692 | 07|2gccst|aHabitat |
| 692 | 07|2gccst|aEspèce menacée |
| 710 | 2 |aService canadien de la faune. |
| 775 | 08|tHabitat protection activities for priority species in the Mont Saint-Hilaire Biosphere Reserve, 2014–2015 |w(CaOODSP)9.834728 |
| 856 | 40|qPDF|s331 Ko|uhttps://publications.gc.ca/collections/collection_2017/eccc/CW66-546-2017-fra.pdf |